| 000 | 00885nam a2200205 a 4500 | ||
|---|---|---|---|
| 003 | 0 | ||
| 005 | 20250328162635.0 | ||
| 008 | 050809s19uu xx 00 eng d | ||
| 050 |
_aPGS HQ 767.5.P6.P37 _b.B734 2005 |
||
| 100 | _aBorja, Sean James B. | ||
| 245 |
_aThe perception of the parents of grade six students on the effectiveness of family planning programs in the Philippines / _cSean James B. Borja. |
||
| 260 |
_aLas PiƱas City, Philippines : _bSouthville International School and Colleges, _c2005. |
||
| 300 |
_a24 pages : _billustrations ; _c28 cm. |
||
| 504 | _aIncludes bibliographical references. | ||
| 650 |
_aFamily planning _zPhilippines. |
||
| 650 |
_aFamily planning services _vPublic opinion _zPhilippines. |
||
| 650 |
_aReproductive health programs _zPhilippines. |
||
| 650 |
_aHealth education _vParental participation _zPhilippines. |
||
| 942 |
_2lcc _cPASS |
||
| 999 |
_c97346 _d97346 |
||